00697 2200277 4500001002100000005001700021008004100038020001800079035002400097082000800121090001800129100001900147245005000166250001000216260003100226300002400257500002600281650001900307850001200326980001500338985000600353999001500359999001500374990001500389990001500404YOGYA-0209000005922920090227034624.0 ind  a979-413-778-2 0010-020900000059229 a420 a420bNap HlT aNAPA, Pieter A aHow to answer English questioncPieter A Napa aCet.2 aYogyakartabKanisiusc1994 a74 hlmbilusc21 cm aBibliografi : hlm. 74 aBahasa Inggris aYOPDYOG a22-07-2008 a1 a94P0047152 a95P0068790 a68790-P/95 a47152-P/94